Szczegóły MARC21

Le français et... les affaires : materiały do nauki języka francuskiego ekonomicznego i handlowego /

003 -Nazwa inst., której nr kontr. jest w polu 001 [,]
    • @
    • Nazwa instytucji, której n kontrolny jest w polu 001
    • NUKAT
005 -DATA I CZAS OSTATNIEJ MODYFIKACJI [,]
    • @
    • pole kontrolne
    • 20241231102139.0
020 -Międzynarod. znormalizowany nr książki - ISBN [ , ]
    • a
    • Numer ISBN
    • 8302048011 Find
040 -Instytucja sporządzająca opis [ , ]
    • a
    • Instytucja, która sporządziła opis (NP)
    • WA U/65IGR
    • c
    • Instytucja, która sporządziła rekord (NP)
    • WA U/IGR
    • d
    • Instytucja, która zmodyfikowała rekord (P)
    • WA U/BLB
    • d
    • Instytucja, która zmodyfikowała rekord (P)
    • WR U/bjs
942 -Rodzaj dokumentu [ , ]
    • c
    • Rodzaj dokumentu
    • Książka
100 -Hasło główne - nazwa osobowa [1, ]
    • a
    • Nazwa osobowa (NP)
    • Magraner, Jean-Jacques.
    • 9
    • KHW
    • 471645
245 -Strefa tytułu i oznaczenia odpowiedzialności [1,3]
    • a
    • Tytuł
    • Le français et... les affaires : Find
    • b
    • Ciąg dalszy tytułu (NP)
    • materiały do nauki języka francuskiego ekonomicznego i handlowego / Find
    • c
    • Pozostałe elementy strefy tytułu i oznaczenia odpowiedzialności (NP)
    • Jean-Jacques Magraner, Marek Zając.
246 -Wariant tytułu [3,0]
    • a
    • Tytuł (NP)
    • Materiały do nauki języka francuskiego ekonomicznego i handlowego
260 -Strefa adresu wydawniczego [ , ]
    • a
    • Miejsce wydania (P)
    • Warszawa :
    • b
    • Nazwa wydawcy (P)
    • Wydawnictwa Szkolne i Pedagogiczne,
    • c
    • Data wydania (P)
    • 1996.
300 -Strefa opisu fizycznego [ , ]
    • a
    • Określenie formy książki i/lub objętość (NP)
    • 158 s. :
    • b
    • Oznaczenie ilustracji (NP)
    • il. ;
    • c
    • Format (NP)
    • 24 cm.
336 -Typ zawartości [ , ]
    • a
    • Termin opisujący typ zawartości
    • Tekst
    • b
    • Kod określający zawartość
    • txt
    • 2
    • Źródło (terminu i kodu)
    • rdacontent
337 -Typ mediów [ , ]
    • a
    • Tryb odtwarzania
    • Bez urządzenia pośredniczącego
    • b
    • Kod typu mediów
    • n
    • 2
    • Źródło (terminu i kodu)
    • rdamedia
338 -Typ/rodzaj nośnika [ , ]
    • a
    • Hasło opisujące typ nośnika
    • Wolumin
    • b
    • Kod typu nośnika
    • nc
    • 2
    • Źródło (terminu i kodu)
    • rdacarrier
080 -Uniwersalna Klasyfikacja Dziesiętna [ , ]
    • a
    • Symbol klasyfikacji
    • 804.0(07)=40
080 -Uniwersalna Klasyfikacja Dziesiętna [ , ]
    • a
    • Symbol klasyfikacji
    • :330=40
080 -Uniwersalna Klasyfikacja Dziesiętna [ , ]
    • a
    • Symbol klasyfikacji
    • :339=40
650 -Hasło przedmiotowe [ ,7]
    • a
    • Hasło przedmiotowe
    • Język handlu i biznesu
    • v
    • Określnik formalny
    • słowniki francuskie.
    • 2
    • Źródło terminu
    • kaba
    • 9
    • KHW
    • 569140
650 -Hasło przedmiotowe [ ,7]
    • a
    • Hasło przedmiotowe
    • Język francuski
    • x
    • Określnik rzeczowy
    • język handlowy.
    • 2
    • Źródło terminu
    • kaba
    • 9
    • KHW
    • 113094
980 -Symbol UKD [ , ]
    • a
    • UKD
    • 804.0(07):330:339]=40
700 -Hasło dodatkowe - nazwa osobowa [1, ]
    • a
    • Nazwa osobowa (NP)
    • Zając, Marek Find
    • c
    • Dopowiedzenie inne niż daty biograficzne (NP)
    • (romanista).
    • 9
    • KHW
    • 471522
710 -Hasło dodatkowe - nazwa ciała zbiorowego [2, ]
    • a
    • Nazwa ciała zbiorowego lub nazwa geograficzna jako pierwszy element (NP)
    • Wydawnictwa Szkolne i Pedagogiczne.
    • 4
    • Kod relacji
    • pbl
    • 9
    • KHW
    • 52547
920 -ISBN [ , ]
    • a
    • ISBN
    • 83-02-04801-1 Find
Numer inwentarzowy Data inwentaryzacji Status udost. Lokalizacja Sygnatura
A.49711998-04-011BMFR. Metodyka-jęz. biznesowy 01